| 000 | 00837nam a22002297a 4500 | ||
|---|---|---|---|
| 005 | 20240530110600.0 | ||
| 008 | 160330s2013 ua f b 000 0 ara d | ||
| 017 |
_a2012/19587 _bمصر . دار الكتب المصرية |
||
| 020 | _a9789774280290 | ||
| 040 | _aEG-CaGPL | ||
| 082 | 0 | 4 |
_221 _a305 _bق/هـ ش |
| 100 | 0 | _aهمت بسيونى | |
| 245 | 1 | 2 |
_aالشخصية المصرية و صورة الاخر / _cهمت بسيونى |
| 250 | _aط1 | ||
| 260 |
_aالقاهرة : _bمصر العربية للنشر و التوزيع ، _c2013 . |
||
| 300 |
_a367 ؛ _c24 سم . |
||
| 504 | _aيشتمل على ارجاعات ببليوجرافية | ||
| 650 | 0 | 4 | _aالشخصية و الثقافة |
| 651 | 0 | 4 |
_aمصر _xالاحوال الاجتماعية |
| 942 |
_2ddc _cBK |
||
| 999 |
_c62648 _d62648 |
||